| 000 | 00449nam a2200145 i 4500 | ||
|---|---|---|---|
| 001 | 56550 | ||
| 003 | ES-MaACL | ||
| 007 | t| | ||
| 008 | 031010s1926 xxk ||||1| eng d | ||
| 100 | 1 |
_aDill, Samuel. _944811 |
|
| 245 | 1 | 0 |
_aRoman society in Gaul in the merovigian age / _cby Samuel Dill. |
| 260 |
_aLondon : _bMacmillan and CÂș, _c1926 ( _eEdinburgh : _fR. and R. Clark) |
||
| 300 |
_aXIII, 566 p. ; _c23 cm. |
||
| 852 |
_aES-MaACL _jE-1749 _bR.22538 |
||
| 999 |
_c56550 _d56550 |
||